00690nam a2200145 a 450000100100000000500170001000800410002704000250006824501910009326000480028430000200033204900090035295201660036199900170052700002810520200930031343.0110406s1931 dr 000 0 spa d aDO-SdBNPbspacBNPHU00aHomenaje que el pueblo rinde al Gral. Rafael Leónidas Trujillo Hon. presidente de la República Dominicana, en ocación de su triunfal retorno de las ubérrimas regiones Cibaeñas. aSanto Domingo, :bImprenta Montalvo,c1931. a60 p. ;c21 cm. aBNPD 001050718RVaPDbPDcHDd2011-04-06iLF1l0o p28105-10r2020-06-25w2020-06-25y1zPerteneció a la biblioteca personal de Julio Ortega FrierZNo se presta c27597d27597